| 000 | 00650nam a2200181Ia 4500 | ||
|---|---|---|---|
| 003 | GCL | ||
| 008 | 140319s9999 xx 000 0 ara d | ||
| 040 |
_aGCL / _cGCL |
||
| 082 | 0 | 4 |
_a301.34 _bم ط |
| 100 | 1 | _aمحمد عبده محجوب (تقديم) | |
| 245 | 1 | 0 |
_aطرق البحث الانثروبولوجى: النسق القدابى / _cمحمد عبده محجوب (تقديم) |
| 260 |
_a[S.N] : _bدار المعرفة الجامعية ، _c1985 |
||
| 300 | _a210 ص | ||
| 490 |
_aالسلسلة السوسيوانثيرويولوجية _v0 |
||
| 650 | 0 | 4 | _aالاجتماع |
| 650 | 0 | 4 | _aالاجتماع الحضرى |
| 942 |
_2ddc _cBK |
||
| 999 |
_c34541 _d34541 |
||